00909nam a2200229 a 450000100080000000500110000800800410001910000150006024501220007526002860019750000120048365000180049565000180051365300080053165300200053970000190055970000170057870000180059570000190061370000280063270000190066015748572024-07-04 2009 bl uuuu u00u1 u #d1 aMORITZ, A. aEfeito da sacarose sobre a germinação in vitro e crescimento inicial de embriões de imbuia.h[electronic resource] aCONGRESSO BRASILEIRO DE FLORICULTURA E PLANTAS ORNAMENTAIS, 17.; CONGRESSO BRASILEIRO DE CULTURA DE TECIDOS DE PLANTAS, 4., 2009, Aracaju. Ciência, inovação e sustentabilidade. Aracaju: Embrapa Tabuleiros Costeiros; Cruz das Almas: Embrapa Mandioca e Fruticultura Tropicalc2009 aResumo. aConservação aOcotea Porosa aBAP aCarvão ativado1 aDEGENHARDT, J.1 aDUTRA, L. F.1 aHANSEL, F. A.1 aLIMA, B. H. de1 aFRANCESCHI, C. do R. B.1 aFRANCISCON, L.